01180nam a22002657a 45000010005000000030010000050050017000150080041000320200018000730400025000910800021001160900021001372450145001582460033003032600088003363000054004246100067004786500053005457000029005987000037006277100098006649420012007629520125007749990015008991547BR-CuiBMT20231217142006.0231214s2012 dfba f000 0 por d a9788570184351 aBR-CuiBMTcBR-CuiBMT a342.531:7722007 a342.531:77bC39400a100 fotos de 2011 :bo dia a dia no Senado Federal /c[coordenação e execução, Paula Ciquetti ; fotógrafos, Ana Volpe ... et al.].12aCem fotos de dois mil e onze aBrasília :bSenado Federal, Secretaria Especial de Comunicação Social,c2012. a103 p. :bprincipalmente il. color. ;c23 x 28 cm14aBrasil.bCongresso Nacional.bSenado FederalxObras ilustradas aSenado FederalzBrasilxFotografias históricas1 aCinquetti, Paula4coord.1 aVolpe, Anaeet al.efotógrafos1 aBrasil.bCongresso Nacional.bSenado Federal.bSecretaria Especial de Comunicação Social. 2udccLV 00102udc4070aBIBTCEMTbBIBTCEMTd2023-12-14l0o342.531:77 C394pBIBTCEMT23120523r2023-12-14tEx. 1w2023-12-14yLV c1547d1547